000 00898nam a2200253Ia 4500
003 GCL
005 20240530105355.0
008 140319s9999 xx 000 0 ara d
040 _aGCL /
_cGCL
082 0 4 _a301.412
_bم د
100 0 _aمحمد عوض خميس
245 1 0 _aدفاعا عن المرأة :
_bدراسة نفسية اجتماعية جنسية /
_cمحمد عوض خميس
260 _aالقاهرة :
_bالعربى للنشر والتوزيع ،
_c1985
300 _a113
650 0 4 _aالاحوال الاجتماعية
650 0 4 _aالعلاقات الانسانية
650 0 4 _aالمرأة فى الحياة العامة
650 0 4 _aالاجتماع
650 0 4 _aتحرير المراة
650 0 4 _aعلم النفس الاجتماعى
650 0 4 _aالرعاية الاجتماعية
650 0 4 _aالمرأة المصرية
942 _2ddc
_cBK
999 _c55414
_d55414